| 000 | 00996pam a2200277 a 4500 | ||
|---|---|---|---|
| 999 |
_c4446 _d4446 |
||
| 001 | 4906710 | ||
| 003 | GBCCL | ||
| 005 | 20241126110518.0 | ||
| 008 | 940523s1994 oruab 000 0 eng | ||
| 010 | _a 94025522 | ||
| 020 | _a1565072456 (pbk.) | ||
| 040 |
_aDLC _cDLC _dDLC |
||
| 050 | 0 | 0 |
_aBS2626 _b.A78 1994 |
| 082 | 0 | 0 |
_a226.6007 _220 _bART |
| 100 | 1 |
_aArthur, Kay, _d1933- _91841 |
|
| 245 | 1 | 4 |
_aThe Holy Spirit unleashed in you / _cKay Arthur. |
| 260 |
_aEugene, Or. : _bHarvest House, _cc1994. |
||
| 300 |
_a103 p. : _bill., maps ; _c21 cm. |
||
| 490 | 1 | _aInternational inductive study series | |
| 630 | 0 | 0 |
_aBible. _pActs _xStudy and teaching. _98318 |
| 630 | 0 | 0 |
_aBible. _pActs _xCriticism, interpretation, etc. _92267 |
| 800 | 1 |
_aArthur, Kay, _d1933- _tInternational inductive study series. _98149 |
|
| 906 |
_a7 _bcbc _corignew _d1 _eocip _f19 _gy-gencatlg |
||
| 942 |
_2ddc _cBK _05 |
||